000 01249nam0a2200337 4500
001 RU\NLR\bibl\539249
005 20250630111526.0
010 _a5-89747-026-Х
_910000
021 _aRU
_b2004-33394
_91676
035 _a(NLR Aleph) 000531504
090 _a1356041
_c1356041
100 _a20040712d2004 |||y0rusy50 ca
101 0 _arus
102 _aRU
105 _ay |||||||||
200 1 _aРождение в жизнь вечную
_eАкафист за единоумершего. Молитвы об усопших. Погребение православ. христианина
_f[Е. Городнова - сост.]
210 _aМ.
_cФорум
_d2004
215 _a47 с.
_d20
606 0 _aПогребальные обряды православные
_91714447
_3RU\NLR\AUTH\661061898
608 _aАкафисты об упокоении усопших
_92544069
_3RU\NLR\AUTH\661505893
686 _aЭ372.24-503.34
686 2 _aЭ372.24-507.12
702 1 _aГороднова
_bЕ.
_4220
801 0 _aRU
_bNLR
_c20040712
_gPSBO
801 1 _aRU
_bNLR
_c20040712
942 _cBOOK
980 _aNB